00290 a2200097 4500001001000000005001700010008004100027245003400068100001900102773007100121ART_4348720260410162024.0260409a 10aThe returns to school quality1 aStrayer, Wayne0 tJournal of labor economicsg- Vol. 20, NÂș 3 (jul. 2002)wREV43438